[Event "Let's Play Chess!"]
[Site "http://www.queenalice.com/game.php?id=268572"]
[Date "2007.9.8"]
[Round "-"]
[White "HeftigerDuennfluessigerSchach"]
[Black "dam1127"]
[Result "0-1"]
[WhiteElo "1040"]
[BlackElo "1669"]

1. Nf3 Nc6 2. d4 d5 3. Bf4 Nf6 4. e3 Bg4 5. h3 Bh5 6. Be2 e6 7. O-O Bd6 8. Bxd6
Qxd6 9. c4 Bxf3 10. Bxf3 dxc4 0-1

[Event "Challenge"]
[Site "http://www.queenalice.com/game.php?id=268939"]
[Date "2007.9.9"]
[Round "-"]
[White "lesangesleader"]
[Black "dam1127"]
[Result "0-1"]
[WhiteElo "1657"]
[BlackElo "1653"]

1. Nf3 d5 2. d4 Nc6 3. c4 Nf6 4. Nc3 Bg4 5. cxd5 Nxd5 6. Nxd5 Qxd5 7. e3 O-O-O
8. Be2 f5 9. h3 Bxf3 10. Bxf3 Qd6 11. O-O e5 12. dxe5 Qxe5 13. a3 Rxd1 0-1

[Event "Challenge"]
[Site "http://www.queenalice.com/game.php?id=269396"]
[Date "2007.9.10"]
[Round "-"]
[White "conan"]
[Black "dam1127"]
[Result "1-0"]
[WhiteElo "1589"]
[BlackElo "1675"]

1. e4 e5 2. d4 exd4 3. Qxd4 Nc6 4. Qd5 Nf6 5. Bg5 h6 6. Bxf6 Qxf6 7. Nc3 Bb4 8.
O-O-O Bxc3 9. bxc3 Qxc3 10. Ne2 Qa3+ 11. Kd2 Qb4+ 12. Nc3 O-O 13. Rb1 Qe7 14.
Nb5 Nb4 15. Qc4 c6 16. Rxb4 Qg5+ 17. Kd1 cxb5 18. Rxb5 Qe7 19. Bd3 d6 20. Re1 b6
21. e5 Ba6 22. Qe4 Bxb5 23. Qh7# 1-0

[Event "Challenge"]
[Site "http://www.queenalice.com/game.php?id=271360"]
[Date "2007.9.13"]
[Round "-"]
[White "TMG"]
[Black "dam1127"]
[Result "1-0"]
[WhiteElo "1835"]
[BlackElo "1634"]

1. e4 e5 2. Nf3 Nc6 3. Bc4 f5 4. d4 fxe4 5. Nxe5 Nxe5 6. dxe5 d6 7. Qd5 Qe7 8.
exd6 cxd6 9. Bb5+ Kd8 10. Bg5 Nf6 11. Bxf6 gxf6 12. Nc3 a6 13. Bc4 Bh6 14. Rd1
Bf8 15. Nxe4 f5 16. Qxd6+ Qxd6 17. Nxd6 Bxd6 18. Rxd6+ Bd7 19. O-O Rc8 20. Be6
Rc7 21. Rfd1 Re8 22. Rxd7+ Rxd7 23. Rxd7+ Kc8 24. Re7+ Kd8 25. Rxe8+ Kxe8 26.
Bxf5 1-0

[Event "Challenge"]
[Site "http://www.queenalice.com/game.php?id=272939"]
[Date "2007.9.17"]
[Round "-"]
[White "dam1127"]
[Black "darkjedi"]
[Result "0-1"]
[WhiteElo "1678"]
[BlackElo "1932"]

1. e4 c5 2. Nf3 d6 3. Nc3 Nc6 4. Bb5 a6 5. Bxc6+ bxc6 6. O-O e6 7. d3 Qc7 8. Be3
Nf6 9. Qe2 Be7 10. a4 O-O 11. a5 Rb8 12. b3 Nd7 13. Ra4 Bf6 14. d4 cxd4 15. Bxd4
Bxd4 16. Nxd4 e5 17. Nf3 Nc5 18. Ra3 Bg4 19. b4 Rxb4 20. h3 Be6 21. Qd2 Rfb8 22.
Ng5 Bc4 23. Rd1 h6 24. Nf3 Nb7 25. Nd5 cxd5 26. Qxb4 Nc5 27. Qe1 Nxe4 28. Nd2
Nxd2 29. Qxd2 Qc5 30. Ra4 Rb2 31. Qc3 Rb5 32. Rda1 f6 33. Qd2 Qc6 34. R1a3 Rc5
35. Rg3 Bb5 36. Rag4 g5 37. h4 Rxc2 38. Qe3 Re2 39. Qa7 Qc1+ 40. Kh2 Re1 41.
Qb8+ Kf7 42. Rb3 Rh1+ 43. Kg3 Qc6 44. Qb6 Qd7 45. Qe3 h5 46. Rgb4 d4 47. Qf3
Rxh4 48. Qd5+ Qe6 49. Qxe6+ Kxe6 50. Rxb5 axb5 51. a6 d3 52. Ra3 d2 53. Ra1 d1=Q
54. Rxd1 Ra4 55. Rb1 Rxa6 56. Rxb5 d5 57. Kf3 Rd6 58. Ke2 d4 59. Kd2 h4 60. Rb3
e4 61. Ke1 d3 62. Kd2 f5 63. Rb4 Ke5 64. Rb5+ Rd5 65. Rb8 Rc5 66. Ke3 f4+ 67.
Kd2 Rc2+ 68. Kd1 Rxf2 0-1

[Event "AUTO-ADV-706"]
[Site "http://www.queenalice.com/game.php?id=301165"]
[Date "2007.11.9"]
[Round "1"]
[White "josecastroman"]
[Black "dam1127"]
[Result "1-0"]
[WhiteElo "1825"]
[BlackElo "1668"]

1. e4 e5 2. Nf3 Nc6 3. Bc4 Nf6 4. Nc3 Bc5 5. h3 O-O 6. d3 b6 7. Bg5 Bb7 8. Nd5
Be7 9. Nxe7+ Qxe7 10. Qd2 a5 11. a3 Nd4 12. O-O-O Nxf3 13. gxf3 c6 14. Rdg1 d5
15. Bb3 a4 16. Ba2 g6 17. h4 Qe6 18. Bh6 Rfe8 19. Qg5 Ra5 20. h5 Nd7 21. Rh4 Qf6
22. hxg6 Qxg6 23. Rhg4 Kh8 24. Bg7+ 1-0

[Event "AUTO-ADV-706"]
[Site "http://www.queenalice.com/game.php?id=301166"]
[Date "2007.11.9"]
[Round "1"]
[White "dam1127"]
[Black "josecastroman"]
[Result "1-0"]
[WhiteElo "1644"]
[BlackElo "1848"]

1. e4 e5 2. Nc3 Nc6 3. Nf3 Bc5 4. Bb5 d6 5. O-O Bg4 6. d3 Ne7 7. Nd5 O-O 8. h3
Bh5 9. c3 f5 10. exf5 Nxd5 11. Bxc6 bxc6 12. Bg5 Qe8 13. g4 Bf7 14. c4 Ne7 15.
f6 Ng6 16. d4 exd4 17. Nxd4 Ne5 18. Nf5 g6 19. Ne7+ Kh8 20. Bh6 Bxc4 21. Bg7#
1-0

[Event "AUTO-ADV-706"]
[Site "http://www.queenalice.com/game.php?id=301181"]
[Date "2007.11.9"]
[Round "1"]
[White "silverado"]
[Black "dam1127"]
[Result "1-0"]
[WhiteElo "1720"]
[BlackElo "1636"]

1. e4 e5 2. d4 exd4 3. Qxd4 Nc6 4. Qe3 g6 5. c3 Bh6 6. f4 d6 7. b4 Qe7 8. Bb2
Nf6 9. Bd3 Be6 10. Ba3 O-O 11. b5 1-0

[Event "AUTO-ADV-706"]
[Site "http://www.queenalice.com/game.php?id=301182"]
[Date "2007.11.9"]
[Round "1"]
[White "dam1127"]
[Black "silverado"]
[Result "1-0"]
[WhiteElo "1623"]
[BlackElo "1740"]

1. e4 e5 2. f4 exf4 3. Nf3 g5 4. Bc4 c6 5. O-O b5 6. Bb3 Bd6 7. d4 Bc7 8. Nc3 g4
9. Ne5 Bxe5 10. dxe5 Qb6+ 11. Kh1 f3 12. gxf3 gxf3 13. Qxf3 d5 14. Qxf7+ Kd8 15.
Bg5+ Nf6 16. Bxf6# 1-0

[Event "AUTO-ADV-706"]
[Site "http://www.queenalice.com/game.php?id=301191"]
[Date "2007.11.9"]
[Round "1"]
[White "romerov"]
[Black "dam1127"]
[Result "1-0"]
[WhiteElo "1881"]
[BlackElo "1658"]

1. d4 d5 2. c4 Nf6 3. g3 dxc4 4. Nf3 Bg4 5. Bg2 Nc6 6. O-O Bxf3 7. Bxf3 Qd7 8.
e3 O-O-O 9. Qa4 Nd5 10. a3 e5 11. Qxc4 Kb8 12. Nc3 Nce7 13. Rd1 c6 14. e4 Nxc3
15. bxc3 exd4 16. Rxd4 Qc8 17. Bf4+ Ka8 18. Rad1 Re8 19. Rd7 g6 20. Rc7 Qh3 21.
Rb1 b5 22. Qxf7 Bh6 23. Rxe7 Ref8 24. Rxa7# 1-0

[Event "AUTO-ADV-706"]
[Site "http://www.queenalice.com/game.php?id=301192"]
[Date "2007.11.9"]
[Round "1"]
[White "dam1127"]
[Black "romerov"]
[Result "0-1"]
[WhiteElo "1672"]
[BlackElo "1913"]

1. e4 c6 2. d4 d5 3. exd5 cxd5 4. Nc3 a6 5. Nf3 Bg4 6. Be2 e6 7. O-O Nf6 8. Bg5
Be7 9. h3 Bf5 10. Bd3 Bxd3 11. Qxd3 O-O 12. Ne2 Nbd7 13. c4 dxc4 14. Qxc4 Rc8
15. Qb3 b5 16. Ne5 Nd5 17. Bxe7 Qxe7 18. Rac1 N7b6 19. Ng3 Rc7 20. Nc6 Qd6 21.
Ne5 Rfc8 22. Ne4 Qe7 23. a4 Rxc1 24. Rxc1 Rxc1+ 25. Kh2 Qc7 26. f4 bxa4 27. Qg3
f6 28. Nd3 Rc4 29. Qf2 Rc2 30. Qe1 Qc4 31. Qd1 Ne3 32. Nd6 Nxd1 33. Nxc4 Nxc4
0-1

[Event "AUTO-ADV-748"]
[Site "http://www.queenalice.com/game.php?id=324717"]
[Date "2007.12.23"]
[Round "1"]
[White "gdan"]
[Black "dam1127"]
[Result "0-1"]
[WhiteElo "1760"]
[BlackElo "1689"]

1. e4 e5 2. Nf3 Nc6 3. Bb5 Nf6 4. O-O Bc5 5. c3 O-O 6. d4 exd4 7. cxd4 Bb6 8. d5
Nb4 9. a3 Na6 10. Bg5 h6 11. Bh4 c6 12. Bxa6 bxa6 13. Nc3 g5 14. Bg3 cxd5 15.
exd5 d6 16. Nd4 Bb7 17. Nf5 Bc7 18. Nxh6+ Kg7 19. Nf5+ Kg6 20. Qd3 Kh5 21. Qf3+
Kg6 22. h4 g4 23. Qf4 Nxd5 0-1

[Event "AUTO-ADV-748"]
[Site "http://www.queenalice.com/game.php?id=324718"]
[Date "2007.12.23"]
[Round "1"]
[White "dam1127"]
[Black "gdan"]
[Result "1-0"]
[WhiteElo "1668"]
[BlackElo "1781"]

1. e4 d6 2. d4 Nf6 3. Nc3 g6 4. Nf3 Bg7 5. Bc4 O-O 6. Bf4 Nc6 7. O-O Bg4 8. d5
Bxf3 9. Qxf3 Ne5 10. Qe2 Nxc4 11. Qxc4 Ng4 12. Rfe1 a6 13. b4 Qd7 14. Rab1 Ne5
15. Bxe5 Bxe5 16. g3 c6 17. Re3 Rac8 18. dxc6 Rxc6 19. Qd3 Rxc3 20. Qd1 Rxe3 21.
fxe3 Rc8 22. Rb3 Qc6 23. c3 Qxe4 24. Qd2 1-0

[Event "AUTO-ADV-748"]
[Site "http://www.queenalice.com/game.php?id=324729"]
[Date "2007.12.23"]
[Round "1"]
[White "dam1127"]
[Black "alib2004"]
[Result "1-0"]
[WhiteElo "1708"]
[BlackElo "1819"]

1. e4 c5 2. Nf3 Nc6 3. Bb5 d6 4. Bxc6+ bxc6 5. O-O e6 6. Nc3 Be7 7. d3 Nf6 8.
Bg5 h6 9. Bh4 O-O 10. Qe2 Qc7 11. b3 Bd7 12. Rfe1 Rfe8 13. e5 Nd5 14. Nxd5 cxd5
15. c3 dxe5 16. Bxe7 Rxe7 17. Nxe5 Rae8 18. b4 cxb4 19. cxb4 Bb5 20. a4 Ba6 21.
b5 Bb7 22. d4 Qb6 23. Qd3 a6 24. Rab1 Ba8 25. bxa6 Qa7 26. Rb4 1-0

[Event "AUTO-ADV-748"]
[Site "http://www.queenalice.com/game.php?id=324730"]
[Date "2007.12.23"]
[Round "1"]
[White "alib2004"]
[Black "dam1127"]
[Result "0-1"]
[WhiteElo "1799"]
[BlackElo "1728"]

1. h3 e5 2. c4 Bc5 3. Nf3 Nc6 4. d3 Nf6 5. e3 O-O 6. Be2 d5 7. cxd5 Nxd5 8. O-O
Nf6 9. Nc3 b6 10. a3 a5 11. Bd2 Bb7 12. Rc1 Ne7 13. Nxe5 Qd6 14. Nf3 Rad8 15. d4
Bxf3 16. Bxf3 Nf5 17. Nb1 Bxd4 18. exd4 Nxd4 19. Bc3 c5 20. Bxd4 cxd4 21. Qd3
Rfe8 22. Nd2 Nd7 23. Nb3 Ne5 24. Qd1 a4 25. Na1 d3 26. Rc3 Nxf3+ 0-1

[Event "Let's Play Chess!"]
[Site "http://www.queenalice.com/game.php?id=334474"]
[Date "2008.1.11"]
[Round "-"]
[White "dam1127"]
[Black "DanGurgui"]
[Result "1-0"]
[WhiteElo "1747"]
[BlackElo "1964"]

1. e4 e5 2. Nf3 d6 3. Nc3 Nf6 4. d4 exd4 5. Nxd4 Qe7 6. Bc4 c6 7. O-O Be6 8.
Bxe6 fxe6 9. Bg5 h6 10. Be3 Nbd7 11. Qd2 c5 12. Nf3 g6 13. Rfd1 Bg7 14. a3 g5
15. Qd3 Bf8 16. b4 cxb4 17. axb4 b6 18. Nb5 d5 19. Nc7+ Kf7 20. Nxa8 dxe4 21.
Nxg5+ Kg6 22. Nxe4 1-0

[Event "AUTO-ADV-748"]
[Site "http://www.queenalice.com/game.php?id=390489"]
[Date "2008.4.19"]
[Round "2"]
[White "dam1127"]
[Black "Rafale2000"]
[Result "0-1"]
[WhiteElo "1772"]
[BlackElo "1965"]

1. e4 Nf6 2. Nc3 d5 3. d3 dxe4 4. Bg5 exd3 5. Bxd3 Nd5 6. Nge2 g6 7. Bc4 Be6 8.
Nxd5 c6 9. Ne3 Qa5+ 10. Qd2 Qxg5 11. O-O-O Bd7 12. f4 Qc5 13. Rhf1 Bg7 14. Bd3
Be6 15. f5 Qb6 16. b3 Bh6 17. Rf3 gxf5 18. a4 Nd7 19. Bc4 O-O-O 20. Nxf5 Bxd2+
21. Rxd2 Bxf5 22. Rxf5 f6 23. Nd4 Ne5 24. Rf4 Nxc4 0-1

[Event "AUTO-ADV-748"]
[Site "http://www.queenalice.com/game.php?id=390490"]
[Date "2008.4.19"]
[Round "2"]
[White "Rafale2000"]
[Black "dam1127"]
[Result "1-0"]
[WhiteElo "1956"]
[BlackElo "1781"]

1. e4 e5 2. Nf3 Nc6 3. d4 d6 4. dxe5 Bg4 5. exd6 Bxd6 6. Be2 Nf6 7. Nc3 O-O 8.
Bg5 Be7 9. O-O h6 10. Bf4 Nd7 11. Qd5 Re8 12. Rad1 Nf6 13. Qxd8 Raxd8 14. Bxc7
Rc8 15. Bf4 Bb4 16. Nd5 Rxe4 17. Nxf6+ gxf6 18. Be3 Ne7 19. c3 Bc5 20. Rd3 f5
21. Bxc5 Rxc5 22. Bd1 Ng6 23. Bb3 Kg7 24. Rd7 Ne7 25. Nd4 1-0